Представление документа в формате RUSMARC

ПолеНазваниеЗначение
  Тип записи i
  Библиографический уровень m
001 Контрольный номер RU/IS/BASE/395512233
005 Дата корректировки 20201206204832.5
010 Индекс ISBN __
d Цена 388-10
101 Язык документа 1_
a Язык текста rus
c Язык оригинала fre
200 Заглавие и сведения об ответственности 1_
a Заглавие Граф Монте-Кристо
e Сведения, относящиеся к заглавию [роман : в 6-ти ч.] : аудиокнига
f Первые сведения об ответственности Александр Дюма ; читает Сергей Кирсанов ; [пер. с фр. Л. Олавской, В. Строева]
b Общее обозначение материала Звукозапись
h Номер части Ч. 5, 6
210 Выходные данные __
a Место издания М.
c Издательство АРДИС
d Дата издания 2007
215 Физическое описание __
a Объем 2 электрон. опт. диска (Audio CD) (18 ч. 38 мин.)
225 Серия __
a Серия XXI век
i Наименование части Зарубежная проза
300 Общие примечания __
a Общие примечания AudioCD ; mp3 ; 128 kbps ; 44.1 kHz ; mono.
323 Примечание о главных создателях, исполнителях, участниках __
a Примечание о главных создателях, исполнителях, участниках Кирсанов, С. (читает)
330 Аннотация __
a Аннотация "Граф Монте-Кристо" - исторический роман, сюжет которого почерпнут из полицейской хроники и по увлекательности не уступает хорошему детективу. Преданный кем-то из друзей Эдмон Дантес попадает в замок Иф. Там он знакомится с итальянским монахом Фариа, который помогает раскрыть ему причины заточения и рассказывает о своих сокровищах, спрятанных на острове Монтекристо. Тринадцать лет Дантес вынашивает план мести. Совершив побег, раздобыв сокровища и приняв имя графа Монте-Кристо, он возвращается в Марсель. Взяв на себя роль ангела мести, граф находит своих бывших друзей и определяет степень виновности каждого из них…
333 Примечание о целевом назначении __
a Примечание о целевом назначении 12+. Для детей старше 12 лет
606 Тематические рубрики __
a Основная рубрика Художественная литература
606 Тематические рубрики __
a Основная рубрика Литература Европы (произведения)
610 Ключевые слова __
a Ключевые слова зарубежная литература; иностранная литература; французская литература; тема человека; тема жизни; романы; тема мести; тема вражды; тема любви; тема приключений; тема предательства; тема обмана; тема дружбы; исторические романы
686 Индексы других классификаций __
a Классификационный индекс 84(4Фра)-4я04
700 Автор _1
a Фамилия Дюма
b Имя А.
g Полное личное имя Александр
4 Код отношения 070
702 Вторичная интеллектуальная ответственность _1
a Фамилия Олавская
b Имя Л.
4 Код отношения Переводчик
4 Код отношения 730
702 Вторичная интеллектуальная ответственность _1
a Фамилия Строев
b Имя В.
4 Код отношения Переводчик
4 Код отношения 730
801 Источник записи _0
a Страна RU
b Организация Муниципальное бюджетное учреждение культуры "Централизованная библиотечная система" г. Сургут (Центральная городская библиотека им. А. С. Пушкина)
g Правила каталогизации КиК/Лукашук
801 Источник записи _1
a Страна RU
b Организация Муниципальное бюджетное учреждение культуры "Централизованная библиотечная система" г. Сургут (Центральная городская библиотека им. А. С. Пушкина)
g Правила каталогизации КиК/Лукашук
852 Данные о местонахождении __
j Шифр хранения 84(4Фра)-4я04
i Авторский знак Д 96
901 Тип документа __
t Тип документа 0
903 Характеристики (МАРС) __
a Дата передачи 20120713
969 Тип издания __
a Тип издания аудиокнига
990 Данные о заказе (DOS) __
j Количество экземпляров (DOS) 3
h N записи в КСУ для Б/У (DOS) 201207